<?xml version="1.0" encoding="UTF-8"?>
<record
    xmlns:xsi="http://www.w3.org/2001/XMLSchema-instance"
    xsi:schemaLocation="http://www.loc.gov/MARC21/slim http://www.loc.gov/standards/marcxml/schema/MARC21slim.xsd"
    xmlns="http://www.loc.gov/MARC21/slim">

  <leader>01402    a2200205   4500</leader>
  <controlfield tag="001">53832</controlfield>
  <controlfield tag="005">20260407155809.0</controlfield>
  <controlfield tag="008">260407a1971    arg                 spa d</controlfield>
  <controlfield tag="003">AR-UNSa-BCEJYS</controlfield>
  <datafield tag="040" ind1=" " ind2=" ">
    <subfield code="a">AR-UNSa-BCEJYS</subfield>
    <subfield code="b">spa</subfield>
    <subfield code="c">AR-UNSa-BCEJYS</subfield>
  </datafield>
  <datafield tag="080" ind1=" " ind2=" ">
    <subfield code="a">338</subfield>
    <subfield code="x">Situaci&#xF3;n econ&#xF3;mica. Pol&#xED;tica econ&#xF3;mica. Gesti&#xF3;n de la econom&#xED;a. Planificaci&#xF3;n de la econom&#xED;a. Producci&#xF3;n. Servicios. Precios</subfield>
  </datafield>
  <datafield tag="245" ind1="1" ind2="0">
    <subfield code="a">Teor&#xED;a general de la programaci&#xF3;n</subfield>
    <subfield code="p">(decisiones optimas)</subfield>
  </datafield>
  <datafield tag="264" ind1=" " ind2="1">
    <subfield code="a">Barcelona :</subfield>
    <subfield code="b">Ariel</subfield>
    <subfield code="c">1971</subfield>
  </datafield>
  <datafield tag="300" ind1=" " ind2=" ">
    <subfield code="a">410 p.</subfield>
    <subfield code="c">19 cm.</subfield>
  </datafield>
  <datafield tag="505" ind1=" " ind2=" ">
    <subfield code="a">I. Los diferentes tipos de modelo de programaci&#xF3;n - II. Principios generales de la teor&#xED;a de la programaci&#xF3;n  - III. Programaci&#xF3;n marginal - IV. La programaci&#xF3;n lineal - V. El an&#xE1;lisis de actividades - VI. La programaci&#xF3;n en caso de multiplicidad de objetivos - VII. La programaci&#xF3;n en casos de incertidumbre - VIII. Programaci&#xF3;n din&#xE1;mica de compras y existencias en condiciones de seguridad - IX. La programaci&#xF3;n din&#xE1;mica de compras y existencias en condiciones de incertidumbre - X. Programaci&#xF3;n din&#xE1;mica de la producci&#xF3;n en condiciones de certidumbre - XI. Programaci&#xF3;n din&#xE1;mica de la producci&#xF3;n en condiciones de incertidumbre - XII. La programaci&#xF3;n en condiciones de incertidumbre absoluta</subfield>
  </datafield>
  <datafield tag="942" ind1=" " ind2=" ">
    <subfield code="c">BK</subfield>
  </datafield>
  <datafield tag="590" ind1=" " ind2=" ">
    <subfield code="a">niveau_biblio:m niveau_hierar:0</subfield>
  </datafield>
  <datafield tag="100" ind1="1" ind2=" ">
    <subfield code="a">Lange, Oskar</subfield>
  </datafield>
  <datafield tag="700" ind1="1" ind2=" ">
    <subfield code="a">Bustamante Ortiz, Meliton</subfield>
  </datafield>
  <datafield tag="999" ind1=" " ind2=" ">
    <subfield code="c">5256</subfield>
    <subfield code="d">5256</subfield>
  </datafield>
  <datafield tag="952" ind1=" " ind2=" ">
    <subfield code="0">0</subfield>
    <subfield code="1">0</subfield>
    <subfield code="4">0</subfield>
    <subfield code="7">0</subfield>
    <subfield code="a">BCEJYS</subfield>
    <subfield code="b">BCEJYS</subfield>
    <subfield code="c">16</subfield>
    <subfield code="d">2026-04-07</subfield>
    <subfield code="l">0</subfield>
    <subfield code="o">338 L274</subfield>
    <subfield code="p">L13448</subfield>
    <subfield code="r">2026-04-07 15:58:09</subfield>
    <subfield code="w">2026-04-07</subfield>
    <subfield code="y">L</subfield>
  </datafield>
</record>
